000 00651nam a2200217Ia 4500
005 20221121110805.0
008 131103s9999 xx 000 0 und d
020 _a198185294
_cGBP17.50
040 _aLoreto College
041 _aEnglish
082 _a821.7
_bWOR-HIL
245 _aLetters of William Wordsworth
_b a new selection
_cedited by Alan G.Hill
260 _aOxford
_bClarendon Press
_c1984
300 _axxx,330 p.
504 _aIncludes bibliographical references and index
650 _aEnglish Poetry
651 _aWordsworth,William,1776 - 1850 - Correspondence
700 _aHill,Alan G.,ed.
850 _aLCLIB
942 _cBK
999 _c5978
_d56457